Naked Soda Quiz Stats

Quiz Updated Sep 25, 2012

Also try: Beer Logos
Challenge
Share
Tweet
Score 0/18 Timer 04:00
1 Play Today
Soft Drink % Correct
Pepsi
99.9%
Fanta
91.2%
Coca-Cola
89.6%
7-Up
89.4%
Diet Pepsi
86%
Mountain Dew
85.9%
Dr Pepper
82.9%
Sprite
78.9%
A&W
75.3%
Soft Drink % Correct
Sierra Mist
60.6%
Royal Crown
53.2%
Mug
51.4%
Schweppes
49.8%
Diet Barq's
49.6%
Fresca
40.1%
Mello Yello
36.1%
Diet Coke
28.7%
Diet Rite
13.4%

You're not logged in!

Compare scores with friends on all Sporcle quizzes.
Join for Free
OR
Log In

You Might Also Like...

Show Comments

Extras

Top Quizzes Today


Score Distribution

Your Account Isn't Verified!

In order to create a playlist on Sporcle, you need to verify the email address you used during registration. Go to your Sporcle Settings to finish the process.

Report this User

Report this user for behavior that violates our Community Guidelines.

Details: